000 00284nam a22000977a 4500
008 240419b |||||||| |||| 00| 0 eng d
020 _a9789359580937
100 _aOswaal
_97599
245 _aCTET 15 Solved Papers-Paper-II (Social Studies) (2013-2023)
260 _aAgra
_bOswaal Books
_c2024
999 _c12574
_d12574